| 000 | 01463nam a22002177a 4500 | ||
|---|---|---|---|
| 003 | 0 | ||
| 005 | 20241026085938.0 | ||
| 008 | 241026b xxu||||| |||| 00| 0 eng d | ||
| 020 | _a9781394223350 | ||
| 050 |
_aHB 615 _b.C54 2024 |
||
| 100 |
_aCheek, Paul, _eauthor. |
||
| 245 |
_aDisciplined entrepreneurship startup tactics : _b15 tactics to turn your business plan into a business / _cPaul Cheek. |
||
| 260 |
_aHoboken, New Jersey : _bJohn Wiley & Sons, Inc., _c2024. |
||
| 300 |
_axviii, 270 p. : _bcol. ill. ; _c23 cm. |
||
| 504 | _aIncludes index. | ||
| 520 | _a"For the past decade, Disciplined Entrepreneurship has changed the way people think about starting a company. Many believed that entrepreneurship could not be taught, but great entrepreneurs are not born with something special they simply make great products. Disciplined Entrepreneurship showed people how to create a successful startup through developing an innovative product by breaking down the necessary processes into an integrated, comprehensive, and proven 24-step framework that any industrious person can learn and apply. Now, Disciplined Entrepreneurship Startup Tactics provides a practical guide for securing funding and scaling your business. It's a comprehensive, practical, how-to guide for current and aspiring entrepreneurs"--Provided by publisher. | ||
| 650 | _aEntrepreneurship. | ||
| 650 | _aNew business enterprises. | ||
| 650 | _aBusiness planning. | ||
| 942 |
_2lcc _cBK |
||
| 999 |
_c366619 _d366619 |
||